Indian classics tales & stories / (Record no. 131124)

MARC details
000 -LEADER
fixed length control field 00630nam a22002177a 4500
005 - DATE AND TIME OF LATEST TRANSACTION
control field 20170124110123.0
010 ## - LIBRARY OF CONGRESS CONTROL NUMBER
LC control number B-035762
020 ## - INTERNATIONAL STANDARD BOOK NUMBER
Terms of availability 200.00
035 ## - SYSTEM CONTROL NUMBER
System control number B-035762
037 ## - SOURCE OF ACQUISITION
Source of stock number/acquisition Cen Lib/Ret
040 ## - CATALOGING SOURCE
Original cataloging agency DPL
Language of cataloging EN
082 ## - DEWEY DECIMAL CLASSIFICATION NUMBER
Classification number S
Item number IND
245 ## - TITLE STATEMENT
Title Indian classics tales & stories /
Statement of responsibility, etc edited by Reema Prashar
260 ## - PUBLICATION, DISTRIBUTION, ETC. (IMPRINT)
Place of publication, distribution, etc Delhi
Name of publisher, distributor, etc Osprey Publishing
Date of publication, distribution, etc 2001
270 ## - ADDRESS
Address M-72, Panchsheel Colony Navin Shahdara
City Delhio
Postal code 110032
300 ## - PHYSICAL DESCRIPTION
Extent 151p.
Dimensions 21cm(Hb)
650 ## - SUBJECT ADDED ENTRY--TOPICAL TERM
Topical term or geographic name as entry element English Literature
9 (RLIN) 30917
650 ## - SUBJECT ADDED ENTRY--TOPICAL TERM
Topical term or geographic name as entry element English Fiction-Short Stories
9 (RLIN) 30918
700 ## - ADDED ENTRY--PERSONAL NAME
9 (RLIN) 30706
Personal name Reema Prashar
942 ## - ADDED ENTRY ELEMENTS (KOHA)
Source of classification or shelving scheme Dewey Decimal Classification
Koha item type English Books
Classification part S
Call number suffix IND
Holdings
Withdrawn status Lost status Damaged status Not for loan Home library Current library Date acquired Source of acquisition Cost, normal purchase price Total Checkouts Full call number Barcode Date last seen Date checked out Copy number Cost, replacement price Price effective from Koha item type
        Central Library Central Library 13/07/2015 Cen Lib/Ret 200.00 2 S IND B-035762 18/08/2018 01/08/2018 1 200.00 13/07/2015 English Books

© Delhi Public Library
Hit Counter
free hit counter